000
00239 a2200097 4500
020
_a
9780545403429
041
_a
eng
100
_a
Brown, Jeff
245
_a
Flat Stanley's World Wide Adventures, The australian boomerang bonanza
942
_c
BK
999
_c
31291
_d
31289